000 00447nam a2200169Ia 4500
008 230524s9999 xx 000 0 und d
020 _a8180141128
082 _a624.15136
_bARO
100 _aDr.K.R.Arora
245 0 _aSoil Mechanics and Foundation Engineering : Geotechnical Engineering
250 _a8
260 _aNew Delhi
_bStandard
_c2015
300 _a"Xiii,953p;"
500 _aQuantity Number: 20
650 _aCivil
942 _cBK
999 _c56226
_d56226